Normal view
MARC view
Entry Personal Name
001 - CONTROL NUMBER
- control field: 307824
003 - CONTROL NUMBER IDENTIFIER
- control field: MY-SjTCS
005 - DATE AND TIME OF LATEST TRANSACTION
- control field: 20241030130138.0
008 - FIXED-LENGTH DATA ELEMENTS
- fixed length control field: 241024|| aza||abbn | a|a d
040 ## - CATALOGING SOURCE
- Original cataloging agency: MY-SjTCS
- Language of cataloging: eng
- Transcribing agency: MY-SjTCS
- Description conventions: rda
100 1# - HEADING--PERSONAL NAME
- Personal name: Krüger, Jule M.
374 ## - OCCUPATION
- Occupation: Researcher
374 ## - OCCUPATION
- Occupation: Authors
- Source of term: lcsh
375 ## - GENDER
- Gender: female
377 ## - ASSOCIATED LANGUAGE
- Language code: eng
670 ## - SOURCE DATA FOUND
- Source citation: LinkedIn website, October 24, 2024